Kombinierte Fußballogos - Statistiken

Allgemein
  • Dieses Quiz wurde 69 mal gespielt
  • Das Durchschnittsergebnis liegt bei 9 aus 10
Antwortstatistiken
Bildquiz Antwort % Korrekt
Borussia Mönchengladbach
100%
1. FC Köln
97%
1. FSV Mainz 05
97%
FC Augsburg
94%
VFB Stuttgart
94%
VFL Wolfsburg
94%
FC Bayern München
92%
SV Elversberg
86%
Preußen Münster
85%
St. Pauli
78%
Keine übereinstimmenden Quizze gefunden
Verteilung der Resultate
Anzahl Personen mit jedem Resultat
Perzentil nach korrekt beantworteten Fragen
Ihre Resultats-Entwicklung
Sie haben dieses Quiz noch nicht gespielt